000 01363cam a22003974 4500
001 198103
003 SpMaBN
005 20260528183458.0
008 260212s2007 sp | |||| 000 f glg
015 _aMON07
017 _aPO 812-2007
_bOficina Depósito Legal Pontevedra
020 _a9788496957206
035 _a(OCoLC)433384749
035 _a(SpMaBN)a3307591
040 _aSpMaBN
_bspa
_cSpMaBN
_erdc
080 _a821.111(417)-31"19"
100 _aBoyne, John,
_d1971-
_9235541
240 1 4 _aThe boy in the striped pyjamas
_lGallego
245 1 2 _aO neno do pixama a raias
_cJohn Boyne ; traducido por Daniel Saavedra
260 _aVigo
_bFactoría K de Libros
_c2007
300 _a190 p.
_c21 cm
336 _2rdacontent
_atexto
337 _2rdamedia
_asin mediación
338 _2rdacarrier
_avolumen
440 0 _aNarrativa K
_9242795
500 _aRegistro provisional. A-16109. Depósito 1
594 _aTraducción de: The boy in the striped pyjamas
852 _aES-MaACL
_cDEPO1
_jA-16109
_hDonación: José Lázaro García
_xEncuadernación rustica con solapas
_zEn proceso
901 _aMON0805
942 _2udc
_cMONOGRAFIA
_n0
956 _a2
999 _c198103
_d198103